Automatic mesh generation for finite element analysis.
Tri fázy riešenia analýzy konečných prvkov v inžinierskych aplikáciách: rozlíšenie domén, riešenie rovníc a analýza chýb. Opis zlepšenia zvlášť sľubnej metódy generovania dvojrozmerných sietí. Vysoká efektívnosť a výhody oproti starším generátorom sietí.
Enregistré dans:
| Auteur principal: | |
|---|---|
| Autres auteurs: | |
| Format: | Chapitre de livre |
| Langue: | anglais |
| Sujets: | |
| Tags: |
Pas de tags, Soyez le premier à ajouter un tag!
|
MARC
| LEADER | 00000naa a2200000 4500 | ||
|---|---|---|---|
| 001 | r001981 | ||
| 005 | 20220906083808.8 | ||
| 041 | 0 | |a eng | |
| 044 | |a AT | ||
| 245 | 1 | 0 | |a Automatic mesh generation for finite element analysis. |c T.D. Bui, V.N. Nanh |
| 520 | |a Tri fázy riešenia analýzy konečných prvkov v inžinierskych aplikáciách: rozlíšenie domén, riešenie rovníc a analýza chýb. Opis zlepšenia zvlášť sľubnej metódy generovania dvojrozmerných sietí. Vysoká efektívnosť a výhody oproti starším generátorom sietí. | ||
| 610 | 2 | 0 | |a matematika |
| 610 | 2 | 0 | |a metódy matematické |
| 610 | 2 | 0 | |a efektívnosť |
| 610 | 2 | 0 | |a algoritmy |
| 100 | 1 | |a Bui, T.D. | |
| 700 | 1 | |a Nanh, V.N. | |